| 000 | 01364nam a2200361Ia 4500 | ||
|---|---|---|---|
| 001 | ebr10618819 | ||
| 003 | CaPaEBR | ||
| 006 | m u | ||
| 007 | cr cn||||||||| | ||
| 008 | 031215s2004 enka s 001 0 eng d | ||
| 020 | _z0854049797 | ||
| 020 | _z9780854049790 | ||
| 020 | _z9781847559456 (ebook) | ||
| 040 |
_aCaPaEBR _cCaPaEBR |
||
| 035 | _a(OCoLC)468781599 | ||
| 050 | 1 | 4 |
_aQD172.T6 _bJ36 2004eb |
| 100 | 1 | _aJanes, Rob. | |
| 245 | 1 | 0 |
_aMetal-ligand bonding _h[electronic resource] / _cRob Janes and Elaine Moore. |
| 260 |
_aMilton Keynes [England] : _bOpen University ; _aCambridge, UK : _bRoyal Society of Chemistry, _c2004. |
||
| 300 |
_a104 p. : _bcol. ill. |
||
| 500 | _aIncludes index. | ||
| 533 |
_aElectronic reproduction. _bPalo Alto, Calif. : _cebrary, _d2011. _nAvailable via World Wide Web. _nAccess may be limited to ebrary affiliated libraries. |
||
| 650 | 0 | _aCrystal field theory. | |
| 650 | 0 | _aMetal bonding. | |
| 650 | 0 | _aTransition metal complexes. | |
| 650 | 0 | _aTransition metals. | |
| 655 | 7 |
_aElectronic books. _2local |
|
| 700 | 1 |
_aMoore, Elaine _q(Elaine A.) |
|
| 710 | 2 | _aOpen University. | |
| 710 | 2 | _aRoyal Society of Chemistry (Great Britain) | |
| 710 | 2 | _aebrary, Inc. | |
| 856 | 4 | 0 |
_uhttp://site.ebrary.com/lib/rucke/Doc?id=10618819 _zAn electronic book accessible through the World Wide Web; click to view |
| 999 |
_c54289 _d54289 |
||